LEGO Youtubers - Statistics

General Stats
  • This quiz has been taken 18 times
  • The average score is 4 of 18
Answer Stats
Answer % Correct
TD BRICKS
73%
Brick Science
40%
EllieV
33%
MasterBuilders
33%
Tiago Catarino
33%
Half-Asleep-Chris
27%
Sacred Bricks
27%
Brick Designed
13%
BrickFlix
13%
DaniBobStudios
13%
Emmasaurus
13%
Generic Stud
13%
Hollyonfilm
13%
Jaystepher
13%
Republic Studs
13%
Sands
13%
TheJumiFilm
13%
The Plastic Architect
13%
No matching quizzes found
Score Distribution
Percent of People with Each Score
Percentile by Number Answered
Your Score History
You have not taken this quiz